000 01307nam0a22002891 4500
001 v19\rc\1192152
005 20260406082955.0
035 _a(NLR Aleph) 005190355
090 _a5206276
_c5206276
100 _a20060306d1877 |||y0rusy50 ca
101 0 _arus
102 _aRU
105 _aa z |||||
200 1 _aСказание об иконе божией матери, именуемой Абалацкою, и о важнейших копиях с нее
_eС изображением иконы Абалацкой божией матери
205 _a5-е изд., испр.
210 _aОмск
_cтип. Штаба Зап.-Сиб. воен. окр.
_d1877
215 _a57 с., 1 л. фронт. [ил.]
300 _aВ конце текста авт.: С.А. Сул.
517 0 _aСказание об иконе божией матери, именуемой Абалацкою, и о важнейших копиях с нее
700 1 _8rus
_7ca
_aСулоцкий
_bА. И.
_f1812-1884
_gАлександр Иванович
_3RU\NLR\AUTH\7748939
_931874
790 1 _aСул.
_bС.А.
_f1812-1884
801 0 _aRU
_bNLR
_c20060306
_gpsbo
801 1 _aRU
_bProSoft-M
_c20060306
_2rusmarc
801 2 _aRU
_bNLR
_c20070423
_2rusmarc
852 _aNLR
_j18.115.1.387
942 _cBOOK
980 _aNB